| 000 | 00923cam a22002531 4500 | ||
|---|---|---|---|
| 001 | sa 68001170 | ||
| 003 | DLC | ||
| 005 | 20260227112431.0 | ||
| 008 | 710903s1966 ii b 00010 eng | ||
| 010 | _asa 68001170 //r922 | ||
| 025 | _aPL480:I-E-8237 | ||
| 040 |
_aDLC _cDLC _dDLC |
||
| 050 | 0 | 0 |
_aDS432.M25 _bD3 |
| 100 | 1 | 0 | _aDas, Amal Kumar. |
| 245 | 1 | 4 |
_aThe Malpaharias of West Bengal _c[by] Amal Kumar Das, Bidyut Kumar Roy Chowdhury and Manis Kumar Raha. |
| 260 | 0 |
_aCalcutta, _bTribal Welfare Dept., Govt. of West Bengal, _c1966. |
|
| 300 |
_a184 p. _c23 cm. |
||
| 490 | 1 | _aBulletin of the Cultural Research Institute. Special series, no. 7 | |
| 504 | _aBibliography: p. 161-164. | ||
| 650 | 0 | _aMalto (Indic people) | |
| 700 | 2 | 0 |
_aRoy Chowdhury, Bidyut Kumar, _ejoint author. |
| 700 | 1 | 0 |
_aRaha, Manis Kumar, _ejoint author. |
| 830 | 0 |
_aBulletin of the Cultural Research Institute. _pSpecial series ; _vno. 7. |
|
| 999 |
_c77766 _d77766 |
||